| 000 | 00896cam a2200253 a 4500 | ||
|---|---|---|---|
| 001 | 000005508 | ||
| 005 | 20200929151708.0 | ||
| 008 | 980731s1999 sp a b 001 0 spa | ||
| 020 | _a8437616026 | ||
| 040 |
_aDO-SdBNP _bspa _cBNPHU |
||
| 082 |
_a861.6 _bJ61d, 1999 |
||
| 100 | 1 |
_aJiménez, Juan Ramón, _d1881-1958. _98948 |
|
| 245 | 1 | 0 |
_aDiario de un poeta reciencasado (1916) / _cJuan Ramón Jiménez ; edición, Michael P. Predmore. |
| 250 | _a3a ed. | ||
| 260 |
_aMadrid : _bCátedra, _c1999. |
||
| 300 |
_a365 p. : _bil. ; _c18 cm. |
||
| 490 | 1 |
_aLetras Hispánicas _vno. 439 |
|
| 650 | 4 |
_aPoesía española _9631 |
|
| 650 | 4 |
_aLiteratura española _9632 |
|
| 600 | 1 | 0 |
_aJIMÉNEZ, JUAN RAMÓN, _d1881-1958. _tDIARIO DE UN POETA RECIENCASADO _915603 |
| 700 | 1 |
_aPredmore, Michael P., _eed. _915604 |
|
| 830 | 0 |
_aLetras Hispánicas ; _vno. 439 _94208 |
|
| 910 |
_aCatalogación derivada / LC _bWM |
||
| 999 |
_c5307 _d5307 |
||